Online
Catalog

Recopilación ordenada y sistematizada de las diferentes decisiones rendidas por el consejo superior de aduanas de la república, precedido de un brebe estudio sobre diferentes casos prácticos de la doctrina y la jurisprudencia / (Record no. 15247)

MARC details
000 -CABECERA
campo de control de longitud fija 00771nam a2200169 a 4500
001 - NÚMERO DE CONTROL
campo de control 000015695
005 - FECHA Y HORA DE LA ÚLTIMA TRANSACCIÓN
campo de control 20200929164125.0
008 - DATOS DE LONGITUD FIJA--INFORMACIÓN GENERAL
campo de control de longitud fija 100217s1915 dr 000 0 spa d
040 ## - FUENTE DE LA CATALOGACIÓN
Centro catalogador/agencia de origen DO-SdBNP
Lengua de catalogación spa
Centro/agencia transcriptor BNPHU
082 ## - NÚMERO DE LA CLASIFICACIÓN DECIMAL DEWEY
Número de clasificación xxx
Número de documento/Ítem C172r
049 ## - FONDOS LOCALES (OCLC)
Fondos de biblioteca BNPD
100 1# - ENTRADA PRINCIPAL--NOMBRE DE PERSONA
Nombre de persona Camarena Perdomo, M. de J.
9 (RLIN) 32242
245 10 - MENCIÓN DE TÍTULO
Título Recopilación ordenada y sistematizada de las diferentes decisiones rendidas por el consejo superior de aduanas de la república, precedido de un brebe estudio sobre diferentes casos prácticos de la doctrina y la jurisprudencia /
Mención de responsabilidad, etc. M. de J. Camarena Perdomo.
260 ## - PUBLICACIÓN, DISTRIBUCIÓN, ETC.
Lugar de publicación, distribución, etc. Santo Domingo.
Fabricante Escobar
Fecha de publicación, distribución, etc. 1915.
300 ## - DESCRIPCIÓN FÍSICA
Extensión 169 p. ;
Dimensiones 24 cm.
500 ## - NOTA GENERAL
Nota general Publicada con los auspicios de la Honorable Cámara de Comercio, Industria y Agricultura de Santo Domingo
Holdings
Estado de retiro Estado de pérdida No para préstamo Código de colección Localización permanente Ubicación/localización actual Ubicación en estantería Fecha de adquisición Número de inventario Total de préstamos Signatura topográfica completa Código de barras Fecha visto por última vez Precio válido a partir de Tipo de ítem Koha
    Excluido de préstamo Patrimonio Dominicano Patrimonio Dominicano Patrimonio Dominicano En catalogación 17.02.2010 LF1   xxx C172r 15695-10 25.06.2020 25.06.2020 Libro y Folleto Colección Patrimonio Dominicano

Powered by Koha